[Event "World University-ch 6th"]
[Site "Golden Sands"]
[Date "2000.09.04"]
[Round "4"]
[White "Yurenko, Konstantin"]
[Black "Batzorig, Tuvshintogs"]
[Result "1/2-1/2"]
[WhiteElo "2371"]
[BlackElo "2140"]
[PlyCount "112"]
[EventDate "2000.09.01"]
[EventType "team"]
[EventRounds "9"]
[EventCountry "BUL"]
[SourceTitle "CBM 077 Extra"]
[Source "ChessBase"]
[SourceDate "2000.09.14"]
[SourceVersion "1"]
[SourceVersionDate "2000.09.14"]
[SourceQuality "1"]

1. e4 c6 2. c4 d5 3. cxd5 cxd5 4. exd5 Nf6 5. Nc3 Nxd5 6. d4 e6 7. Nf3 Bb4 8. Bd2 Nc6 9. Bd3 0-0 10. 0-0 Be7 11. Qe2 Bd7 12. a3 Bf6 13. Qe4 g6 14. Ne5 Bg7 15. Bc4 Nb6 16. Rad1 Nxe5 17. dxe5 Bc6 18. Qe2 Bxe5 19. Bf4 Qh4 20. Bxe5 Qxc4 21. Qe3 Qg4 22. f3 Qf5 23. Rd4 f6 24. Bd6 e5 25. Rh4 Rf7 26. Bc5 g5 27. Rb4 Nd7 28. Bxa7 h5 29. Nb5 Bxb5 30. Rxb5 Nf8 31. Rc1 Qe6 32. Bc5 Ng6 33. Rb6 Qd5 34. Qe4 Qxe4 35. fxe4 Nf4 36. Rd1 Rc8 37. Be3 Ne2+ 38. Kf2 Rc2 39. Rd2 Rxd2 40. Bxd2 Nd4 41. Bc3 Nc6 42. a4 Rc7 43. Ke3 Kf7 44. Kd3 Nd8 45. b4 Ne6 46. g3 Nf8 47. a5 Nd7 48. Rb5 Ke6 49. Bd2 Kd6 50. Be3 g4 51. Ba7 Ke6 52. Bb6 Rc8 53. Bc5 Rc7 54. Bb6 Rc8 55. Ba7 Rc7 56. Bb6 Rc8 1/2-1/2

[Event "Wch U16"]
[Site "Menorca"]
[Date "1996.??.??"]
[Round "3"]
[White "Batzorig, Tuvshintogs"]
[Black "Antoniewski, Rafal"]
[Result "1/2-1/2"]
[WhiteElo "2185"]
[BlackElo "2350"]
[PlyCount "52"]
[EventDate "1996.??.??"]
[EventType "swiss"]
[EventRounds "11"]
[EventCountry "ESP"]
[SourceTitle "Juniors"]
[Source "ChessBase"]
[SourceDate "1999.07.01"]
[SourceVersion "1"]
[SourceVersionDate "1999.07.01"]
[SourceQuality "1"]

1. Nf3 Nf6 2. c4 g6 3. Nc3 Bg7 4. e4 d6 5. d4 0-0 6. Be2 e5 7. Be3 c6 8. Nd2 Ng4 9. Bxg4 exd4 10. Bxd4 Bxd4 11. Bxc8 Qxc8 12. Nf3 Bxc3+ 13. bxc3 Qg4 14. 0-0 Qxe4 15. Qxd6 Qxc4 16. Qe7 b6 17. Ne5 Qxc3 18. Rac1 Qb2 19. Rce1 Na6 20. Nd7 Rfc8 21. Re5 Rc7 22. Nf6+ Kh8 23. Qd6 Qb4 24. Qd3 Qf4 25. Qd6 Qb4 26. Qd3 Qf4 1/2-1/2

[Event "Wch U16"]
[Site "Menorca"]
[Date "1996.??.??"]
[Round "9"]
[White "Batzorig, Tuvshintogs"]
[Black "Fressinet, Laurent"]
[Result "1/2-1/2"]
[WhiteElo "2185"]
[BlackElo "2315"]
[PlyCount "81"]
[EventDate "1996.??.??"]
[EventType "swiss"]
[EventRounds "11"]
[EventCountry "ESP"]
[SourceTitle "Juniors"]
[Source "ChessBase"]
[SourceDate "1999.07.01"]
[SourceVersion "1"]
[SourceVersionDate "1999.07.01"]
[SourceQuality "1"]

1. Nf3 Nf6 2. d4 d5 3. c4 e6 4. Nc3 c6 5. Bg5 Nbd7 6. e3 Qa5 7. Nd2 Bb4 8. Bxf6 Nxf6 9. Qc2 0-0 10. Be2 c5 11. 0-0 cxd4 12. exd4 dxc4 13. Nxc4 Qc7 14. Ne4 Be7 15. Nxf6+ Bxf6 16. Qe4 Qc6 17. Qe3 Rd8 18. Ne5 Qb6 19. Rfd1 Qxb2 20. Rac1 Qb6 21. Bf3 Qd6 22. Bh5 g6 23. Qf4 Kg7 24. Be2 Qe7 25. Rc3 Bxe5 26. dxe5 Rxd1+ 27. Bxd1 h6 28. Rh3 Qg5 29. Qxg5 hxg5 30. Rd3 Kf8 31. Rd8+ Ke7 32. Rh8 Rb8 33. Kf1 b5 34. Bf3 b4 35. Ke1 Kd7 36. Rf8 Ke7 37. Rg8 Kd7 38. Rf8 Ke7 39. Rh8 Kd7 40. Rh7 Ke7 41. Rh8 1/2-1/2

[Event "Wch U16"]
[Site "Menorca"]
[Date "1996.??.??"]
[Round "11"]
[White "Batzorig, Tuvshintogs"]
[Black "Halkias, Stelios"]
[Result "0-1"]
[WhiteElo "2185"]
[BlackElo "2330"]
[PlyCount "94"]
[EventDate "1996.??.??"]
[EventType "swiss"]
[EventRounds "11"]
[EventCountry "ESP"]
[SourceTitle "Juniors"]
[Source "ChessBase"]
[SourceDate "1999.07.01"]
[SourceVersion "1"]
[SourceVersionDate "1999.07.01"]
[SourceQuality "1"]

1. Nf3 Nf6 2. d4 b6 3. g3 Bb7 4. Bg2 e6 5. 0-0 c5 6. c4 cxd4 7. Qxd4 d6 8. Nc3 a6 9. b3 Nbd7 10. Bb2 Be7 11. h3 Qc7 12. e4 0-0 13. Rac1 Rac8 14. Kh1 Qb8 15. Nd2 Rfe8 16. f4 Bf8 17. Qf2 Qa8 18. Rce1 Nc5 19. Qe2 b5 20. b4 Ncd7 21. g4 Nb6 22. cxb5 axb5 23. Qxb5 Nfd7 24. Rf2 g6 25. f5 exf5 26. gxf5 Bh6 27. fxg6 hxg6 28. Qd3 Ne5 29. Qd4 Nbc4 30. Nxc4 Rxc4 31. Qxd6 Bf8 32. Qf6 Bg7 33. Qf4 Rxb4 34. Qg3 Qb8 35. Ba1 Ba6 36. Bf1 Nd3 37. Qf3 Nxf2+ 38. Qxf2 Bb7 39. Bg2 Bd4 40. Qf3 Qe5 41. Rf1 Re7 42. Nd5 Bxd5 43. Bxd4 Bxe4 44. Bxe5 Bxf3 45. Bd6 Bxg2+ 46. Kxg2 Rb2+ 47. Rf2 Ree2 0-1

[Event "Wch U16"]
[Site "Menorca"]
[Date "1996.??.??"]
[Round "8"]
[White "Doettling, Fabian"]
[Black "Batzorig, Tuvshintogs"]
[Result "0-1"]
[WhiteElo "2300"]
[BlackElo "2185"]
[PlyCount "84"]
[EventDate "1996.??.??"]
[EventType "swiss"]
[EventRounds "11"]
[EventCountry "ESP"]
[SourceTitle "Juniors"]
[Source "ChessBase"]
[SourceDate "1999.07.01"]
[SourceVersion "1"]
[SourceVersionDate "1999.07.01"]
[SourceQuality "1"]

1. d4 d5 2. Nf3 c5 3. e3 Nf6 4. c3 e6 5. Bd3 Nc6 6. Nbd2 Bd6 7. 0-0 cxd4 8. exd4 0-0 9. Re1 Qc7 10. Qe2 Nd7 11. c4 h6 12. a3 a5 13. b3 Nf6 14. Bb2 Bd7 15. c5 Bf4 16. Bc3 Rfe8 17. g3 Bxd2 18. Qxd2 b6 19. b4 bxc5 20. dxc5 e5 21. b5 Bg4 22. b6 Qb8 23. Bb5 Bxf3 24. Bxc6 Qc8 25. Bb5 d4 26. Bxa5 e4 27. c6 d3 28. Bxd3 exd3 29. Rxe8+ Nxe8 30. Qxd3 Qxc6 31. Bd2 Rc8 32. a4 Be4 33. Qe2 Nd6 34. a5 Bd5 35. Be3 Bc4 36. Qg4 Ba6 37. Bxh6 g6 38. Bf4 Bb7 39. f3 Nf5 40. Rc1 Qd5 41. Bc7 Qd2 42. Rb1 Qe3+ 0-1

[Event "Asia-ch Boys"]
[Site "Macau"]
[Date "1996.??.??"]
[Round "?"]
[White "Kasimdzhanov, Rustam"]
[Black "Batzorig, Tuvshintogs"]
[Result "1-0"]
[WhiteElo "2425"]
[BlackElo "2185"]
[PlyCount "85"]
[EventDate "1996.??.??"]
[EventType "swiss"]
[EventRounds "11"]
[EventCountry "MAC"]
[SourceTitle "EXT 1998"]
[Source "ChessBase"]
[SourceDate "1997.11.17"]
[SourceVersion "1"]
[SourceVersionDate "1997.11.17"]
[SourceQuality "1"]

1. Nf3 Nf6 2. b3 b6 3. g3 Bb7 4. Bg2 e6 5. Bb2 Be7 6. 0-0 0-0 7. c4 c5 8. e3 Nc6 9. Qe2 d5 10. d3 a6 11. Nbd2 Qc7 12. Rac1 Rad8 13. d4 cxd4 14. exd4 Qb8 15. Rfd1 Qa8 16. Nf1 Bd6 17. Ne3 Ne7 18. c5 Bc7 19. Ne5 Rc8 20. b4 Bxe5 21. dxe5 Nd7 22. cxb6 Nxb6 23. Bd4 Nd7 24. a4 Nc6 25. Qb2 Qb8 26. f4 Nxd4 27. Qxd4 Bc6 28. Ra1 Qb6 29. Bf1 Rb8 30. Qxb6 Rxb6 31. Nc2 Nb8 32. b5 Bd7 33. a5 Rb7 34. b6 f6 35. Nd4 fxe5 36. fxe5 Nc6 37. Bxa6 Rbb8 38. Nxc6 Bxc6 39. Rdc1 Bd7 40. Rc7 Rf7 41. Bb7 Bb5 42. a6 Bxa6 43. Rxa6 1-0